Seguimiento al proceso de iniciación a la lectura en el grado pre primario del nivel inicial en la Escuela El Palmar de Yaque, Distrito Educativo 02-05 San Juan Este, año escolar 2018-2019 / (Record no. 12758)

MARC details
000 -LEADER
campo de control de longitud fija 01161nam a2200241 4500
003 - IDENTIFICADOR DE NÚMERO DE CONTROL
campo de control DO-SdUA
005 - FECHA Y HORA DE LA ÚLTIMA TRANSACCIÓN
campo de control 20250325093537.0
008 - DATOS DE LONGITUD FIJA--INFORMACIÓN GENERAL
campo de control de longitud fija s2020 dr || |||| 0 |a||0|spa d
040 ## - FUENTE DE CATALOGACIÓN
Centro catalogador/agencia de origen DO-SdUA
Lengua de catalogación spa
Centro/agencia transcriptor DO-SdUA
041 0# - CÓDIGO DE IDIOMA
Código de lengua del texto/banda sonora o título independiente spa
092 ## - ASIGNACIÓN LOCAL DE SIGNATURA TOPOGRÁFICA DEWEY (OCLC)
Número de clasificación MA-PPGE 0071 FCE 2020
100 1# - ENTRADA PRINCIPAL--NOMBRE DE PERSONA
Nombre de persona Comas Sánchez, Natividad
245 10 - MENCIÓN DEL TÍTULO
Título Seguimiento al proceso de iniciación a la lectura en el grado pre primario del nivel inicial en la Escuela El Palmar de Yaque, Distrito Educativo 02-05 San Juan Este, año escolar 2018-2019 /
Mención de responsabilidad, etc. Natividad Comas Sánchez, Margarita Sánchez Familia.
260 ## - PUBLICACIÓN, DISTRIBUCIÓN, ETC.
Lugar de publicación, distribución, etc. San Juan de la Maguana :
Nombre del editor, distribuidor, etc. UASD,
Fecha de publicación, distribución, etc. 2020.
300 ## - DESCRIPCIÓN FÍSICA
Extensión 93, [33] h.
502 ## - NOTA DE TESIS
Nota de tesis Tesis y trabajo de grado (Maestría en Procesos Pedagógicos y Gestión de la Educación)--Universidad Autónoma de Santo Domingo, San Juan de la Maguana, 2020.
504 ## - NOTA DE BIBLIOGRAFÍA, ETC.
Nota de bibliografía, etc. Nota Incluye referencias bibliográficas y anexos.
650 #7 - PUNTO DE ACCESO ADICIONAL DE MATERIA--TÉRMINO DE MATERIA
Fuente del encabezamiento o término lemb
9 (RLIN) 17075
Término de materia o nombre geográfico como elemento de entrada Lectura elemental
Subdivisión de forma Métodos
Subdivisión general Enseñanza
650 #7 - PUNTO DE ACCESO ADICIONAL DE MATERIA--TÉRMINO DE MATERIA
Fuente del encabezamiento o término lemb
9 (RLIN) 10519
Término de materia o nombre geográfico como elemento de entrada Educación preescolar
700 1# - ENTRADA AGREGADA--NOMBRE PERSONAL
Nombre de persona Sánchez Familia, Margarita
830 ## - PUNTO DE ACCESO ADICIONAL DE SERIE-TÍTULO UNIFORME
Título uniforme Tesis y disertaciones académicas (Universidad Autónoma de Santo Domingo)
942 ## - ELEMENTOS DE ENTRADA SECUNDARIOS (KOHA)
Fuente de la clasificación o esquema de estantería
Tipo de ítem Koha
Suprimir en OPAC No

No items available.

© 2024. Todos los Derechos Reservados. Desarrollado por IDEICE